<?xml version="1.0" encoding="UTF-8"?>
<marc:record xmlns:marc="http://www.loc.gov/MARC21/slim">
   <marc:leader>00000nam a2200000 a 4500</marc:leader>
   <marc:datafield ind1=" " ind2=" " tag="653">
      <marc:subfield code="a">Pferde</marc:subfield>
   </marc:datafield>
   <marc:datafield ind1="0" ind2="0" tag="245">
      <marc:subfield code="a">Trigger!</marc:subfield>
   </marc:datafield>
   <marc:datafield ind1="0" ind2="0" tag="245">
      <marc:subfield code="b">ein wildes Perd und ein mutiges Mädchen</marc:subfield>
   </marc:datafield>
   <marc:datafield ind1=" " ind2="1" tag="264">
      <marc:subfield code="a">Regensburg</marc:subfield>
      <marc:subfield code="b">MFA</marc:subfield>
      <marc:subfield code="c">2008</marc:subfield>
   </marc:datafield>
   <marc:datafield ind1="1" ind2=" " tag="520">
      <marc:subfield code="a">ALISE ist ein 11-jähriges Mädchen und ein bisschen pummelig. Um ihren Klassenkameraden zu imponieren gibt sie damit an, was für eine großartige Pferdekennerin sie ist. In Wirklichkeit ist sie ein fürchterlicher Angsthase, vor allem vor Pferden läuft sie gleich davon. TRIGGER ist ein Rassehengst, groß und wild. Und er muss um sein Leben kämpfen, Spekulanten wollen ihn töten. Die beiden, Mädchen und Pferd, begegnen sich auf dramatische Weise. Alise muss ihre Angst überwinden, um sich vor ihren Kameraden zu beweisen, vor allem aber um Trigger zu retten.</marc:subfield>
   </marc:datafield>
   <marc:datafield ind1=" " ind2=" " tag="020">
      <marc:subfield code="a">4048317358694</marc:subfield>
      <marc:subfield code="9">4048317358694</marc:subfield>
   </marc:datafield>
   <marc:datafield ind1="0" ind2=" " tag="490">
      <marc:subfield code="v">0</marc:subfield>
   </marc:datafield>
   <marc:datafield ind1=" " ind2=" " tag="300">
      <marc:subfield code="a">75 Min.</marc:subfield>
   </marc:datafield>
</marc:record>
